00432cam a22001691 4500001000800000005001700008008004100025010001700066040001800083041000800101080001700109082001700126100000700143101000800150245006400158504004000222359785320180221034803.0700114s1968 nju b 000 0 eng  a 69012920  aDLCcDLCdDLC aeng a338.0973 COC00a338.0973 COC1 a58 aBIZ10aBasic history of American businessc[by] Thomas C. Cochran. a"Bibliographical note": p. 184-187.